000 00422nam a22001571c 4500
001 a987683104
008 051003s1973 gw |||| 000u ger d
041 _ager
245 0 0 _aČSSR :
_bFünf Jahre "Normalisiserung" : 21.8.1968 / 21.8.1973 : Dokumentation
264 _aHamburg,
_c1973
300 _a352 S. Br.
700 1 _aCrusius, Reinhard
_eHerausgeberIn
942 _cMG
040 _cRU-10907106
003 RU-10907106
999 _c4565
_d4565